|
|
|
|
| LEADER |
00000nam a22000005a 4500 |
| 003 |
CL-ChBUA |
| 005 |
20120815091458.0 |
| 008 |
080508s1977 xxu||||| |||| 000 ||eng |
| 020 |
|
|
|a 0551055634
|
| 040 |
|
|
|a CL-ChBUA
|c CL-ChBUA
|
| 082 |
0 |
0 |
|a 251
|
| 090 |
|
|
|c 23103
|d 23103
|
| 100 |
1 |
|
|a Black, James
|
| 245 |
1 |
0 |
|a The mystery of preaching
|
| 260 |
|
|
|a Michigan
|b Zondervan
|c 1977
|
| 300 |
|
|
|a 169 p.
|c 20 cm.
|
| 504 |
|
|
|a Indice
|
| 650 |
|
4 |
|a HOMILETICA
|
| 942 |
|
|
|c LIB
|
| 952 |
|
|
|0 0
|1 0
|4 0
|7 0
|9 56093
|a UNACH
|b UNACH
|c 200
|d 2008-05-08
|i 34.326
|l 0
|o 251 / B 628
|p 57179
|r 2012-12-27 00:00:00
|u 56093
|w 2012-08-08
|y LIB
|k 251 / B 628
|
| 999 |
|
|
|c 23103
|d 23103
|